00327nam a2200109Ia 4500008004100000082000800041100001200049245003600061942000600097952009900103999001500202240331s9999 xx 000 0 und d bAZA aAsad, A 0aGhazal :bpaadappadap paravasam cL 001040708LaWERCLbWERCLcSSCd2024-03-31l0o 891.811 AZAp6099r2024-03-31w2024-03-31yL c4721d4721